000 00417nam a22001697a 4500
005 20180710095825.0
008 160623b xxu||||| |||| 00| 0 eng d
020 _a81-203-1369-0
041 _aeng
082 _b9267
_a658.15
100 _aPikae, Richard and Bill, Neale
_94491
245 _aCorporate Finance & Investment
260 _bPHI
_anew delhi
300 _a636
650 _aManagement
_9241
942 _cBK
999 _c3626
_d3625